| 000 | 00625nam a22001697a 4500 | ||
|---|---|---|---|
| 999 |
_c8310 _d8310 |
||
| 003 | GBCCL | ||
| 005 | 20241126110647.0 | ||
| 008 | 191119b ||||| |||| 00| 0 eng d | ||
| 040 | _cGBC | ||
| 082 |
_aARCH GBC-2019 _bCHI |
||
| 100 |
_aChin, Lang Khan _914435 |
||
| 245 |
_aA Study on the Biblical Foundations of Praise and Worship and Its Practices Among the Chin Baptist Association | _cLang Khan Chin |
||
| 260 |
_c2019 _aNew Lamka: _bGrace Bible College, |
||
| 300 |
_axv + 50 p ; _c21 cm x 29 cm |
||
| 650 |
_aPraise and Worship _vBiblical Foundation _yChin Baptist Association _zLamka _zChurachandpur _914436 |
||
| 942 |
_2ddc _cTH |
||